[Event "MMaS_2014_U16"]
[Site "?"]
[Date "2014.10.25"]
[Round "1.10"]
[White "Prochazka, Ludvik"]
[Black "Hartingerova, Martina"]
[Result "0-1"]
[WhiteElo "1798"]
[BlackElo "1478"]
[PlyCount "106"]
[EventDate "2014.10.25"]

1. e4 d5 2. exd5 Qxd5 3. Nc3 Qa5 4. d4 c6 5. Nf3 Nf6 6. Be2 Bf5 7. O-O Qc7 8.
Bg5 Nbd7 9. Qd2 e6 10. Bf4 Bd6 11. Bxd6 Qxd6 12. Rfe1 O-O 13. Bd3 Bxd3 14. Qxd3
Rfd8 15. Ne4 Nxe4 16. Rxe4 c5 17. Rh4 h6 18. Re1 Nf6 19. c3 Qb6 20. b3 Rac8 21.
Ne5 cxd4 22. c4 Qa5 23. Re2 Qc3 24. Rd2 Qa1+ 25. Qf1 Qc3 26. Rd3 Qb2 27. a4 Rc5
28. f4 Ne4 29. Qe1 Nc3 30. Kh1 Qxb3 31. Rg3 Qd1 32. Qxd1 Nxd1 33. Rxh6 d3 34.
Rh8+ Kxh8 35. Nxf7+ Kg8 36. Nxd8 Nf2+ 37. Kg1 d2 38. Kxf2 d1=Q 39. Nxe6 Qd2+
40. Kf3 Qd3+ 41. Kf2 Qd2+ 42. Kf3 Rxc4 43. Rxg7+ Kh8 44. Re7 Rc3+ 45. Kg4 Qxg2+
46. Kf5 Qh3+ 47. Kg5 Rc1 48. Re8+ Kh7 49. Kf6 Qh6+ 50. Ke7 Qxh2 51. Ng5+ Kg6
52. Ne6 Qh4+ 53. Ng5 Re1+ 0-1

[Event "MMaS_2014_U16"]
[Site "?"]
[Date "2014.10.25"]
[Round "1.11"]
[White "Adamczyk, Martin"]
[Black "Rakusan, Miroslav"]
[Result "0-1"]
[WhiteElo "1467"]
[BlackElo "1772"]
[Annotator ",JJKK"]
[PlyCount "58"]
[EventDate "2014.10.25"]

1. e4 Nf6 2. Nc3 d5 3. e5 Nfd7 4. d4 e6 5. Nf3 c5 6. Be3 cxd4 7. Bxd4 Nc6 8.
Bb5 a6 9. Ba4 b5 10. Nxb5 axb5 11. Bxb5 Qa5+ 12. Bc3 Qxb5 13. h3 Bb4 14. Bxb4
Qxb4+ 15. Kf1 Ba6+ 16. Kg1 O-O 17. b3 Ncxe5 18. Nxe5 Nxe5 19. Kh2 Qf4+ 20. Kg1
Nc6 21. g3 Qf6 22. a4 Nd4 23. c3 Ne2+ 24. Kg2 Qxc3 25. Re1 d4 26. Rb1 Bb7+ 27.
Kh2 Qf3 28. Rg1 Qxf2+ 29. Rg2 Qxg2# 0-1

[Event "MMaS_2014_U16"]
[Site "?"]
[Date "2014.10.25"]
[Round "1.12"]
[White "Skalsky, Alexandr"]
[Black "Ruzek, Tomas"]
[Result "1-0"]
[WhiteElo "1767"]
[BlackElo "1449"]
[PlyCount "49"]
[EventDate "2014.10.25"]

1. e4 e5 2. Nf3 Nf6 3. d4 Nxe4 4. Bd3 d5 5. Nxe5 Bd6 6. O-O Be6 7. Nc3 Nf6 8.
f4 Nc6 9. f5 Bd7 10. Nxc6 Bxc6 11. Re1+ Kd7 12. Bd2 Qf8 13. Qf3 Re8 14. a3 Kc8
15. b4 h6 16. b5 Bd7 17. Nxd5 Nxd5 18. Qxd5 g5 19. Be4 c6 20. bxc6 Bxc6 21. Qc4
Kd7 22. d5 Rc8 23. dxc6+ bxc6 24. Rad1 f6 25. Bb4 1-0

[Event "MMaS_2014_U16"]
[Site "?"]
[Date "2014.10.25"]
[Round "2.1"]
[White "Bares, Jachym"]
[Black "Sikora, Matous"]
[Result "1/2-1/2"]
[WhiteElo "1998"]
[BlackElo "1665"]
[PlyCount "40"]
[EventDate "2014.10.25"]

1. e4 e6 2. d4 d5 3. Nc3 Nf6 4. e5 Nfd7 5. Nf3 c5 6. Be3 Nc6 7. Bb5 a6 8. Bxc6
bxc6 9. Ne2 cxd4 10. Nexd4 c5 11. Nb3 Qc7 12. Bf4 Be7 13. O-O O-O 14. Re1 Bb7
15. c3 Rfd8 16. Qc2 Rac8 17. Rad1 Nf8 18. Bg5 Bxg5 19. Nxg5 h6 20. Nf3 Ng6
1/2-1/2

[Event "MMaS_2014_U16"]
[Site "?"]
[Date "2014.10.25"]
[Round "2.2"]
[White "Bierska, Adela"]
[Black "Zajicek, Tomas"]
[Result "1-0"]
[WhiteElo "1633"]
[BlackElo "1942"]
[PlyCount "67"]
[EventDate "2014.10.25"]

1. e4 c5 2. Nf3 Nc6 3. d4 cxd4 4. Nxd4 g6 5. c4 Bg7 6. Be3 Nf6 7. Nc3 Ng4 8.
Qxg4 Nxd4 9. Qd1 Nc6 10. Qd2 O-O 11. Be2 b6 12. O-O Bb7 13. Rab1 Rc8 14. f3 d6
15. Rfc1 Ne5 16. b3 Nd7 17. b4 Ba8 18. a4 Ne5 19. Qa2 e6 20. Rc2 Qe7 21. Nb5 a6
22. Na3 Nd7 23. Rd1 Bb7 24. Qb3 f5 25. Rcd2 d5 26. exd5 exd5 27. cxd5 Qf7 28.
Bf2 Rc3 29. Qa2 Nf6 30. Bc4 Kh8 31. d6 Rxa3 32. Bxf7 Rxa2 33. Bxa2 Nd7 34. Rc2
1-0

[Event "MMaS_2014_U16"]
[Site "?"]
[Date "2014.10.25"]
[Round "2.3"]
[White "Kuchar, Matej"]
[Black "Koci, Tereza"]
[Result "1-0"]
[WhiteElo "1940"]
[BlackElo "1593"]
[PlyCount "57"]
[EventDate "2014.10.25"]

1. e4 c5 2. Nf3 e6 3. d4 cxd4 4. Nxd4 a6 5. Bd3 Qc7 6. O-O Nf6 7. Nc3 Be7 8.
Kh1 O-O 9. f4 d6 10. Nf3 Nbd7 11. Qe2 Nc5 12. e5 dxe5 13. fxe5 Nfd7 14. Bd2
Nxd3 15. cxd3 b6 16. Rac1 Qb8 17. d4 Bb7 18. Ng5 Bxg5 19. Bxg5 Qe8 20. Qg4 Kh8
21. Qh4 Rg8 22. Rc2 Rc8 23. Rcf2 f5 24. exf6 gxf6 25. Bxf6+ Nxf6 26. Qxf6+ Rg7
27. Re1 Qg8 28. Kg1 Rf8 29. Qxf8 1-0

[Event "MMaS_2014_U16"]
[Site "?"]
[Date "2014.10.25"]
[Round "2.4"]
[White "Jiricek, Jakub"]
[Black "Stepan, Patrik"]
[Result "0-1"]
[WhiteElo "1579"]
[BlackElo "1932"]
[PlyCount "56"]
[EventDate "2014.10.25"]

1. c4 Nf6 2. d4 e6 3. Nc3 Bb4 4. Bg5 b6 5. e4 h6 6. Bxf6 Qxf6 7. g3 Bb7 8. Bg2
Nc6 9. Nge2 O-O 10. O-O Bxc3 11. bxc3 Qe7 12. e5 Rad8 13. Qa4 f6 14. f4 d5 15.
cxd5 exd5 16. Rad1 Na5 17. Rfe1 Nc4 18. Qb3 Ne3 19. Rd3 Nxg2 20. Kxg2 fxe5 21.
dxe5 c5 22. Qd1 Qe6 23. Rd2 d4+ 24. Kg1 Qc6 25. Nxd4 cxd4 26. cxd4 Qh1+ 27. Kf2
Qxh2+ 28. Kf1 Qh1+ 0-1

[Event "MMaS_2014_U16"]
[Site "?"]
[Date "2014.10.25"]
[Round "2.5"]
[White "Halamicek, Radek"]
[Black "Zeman, Radek"]
[Result "0-1"]
[WhiteElo "1562"]
[BlackElo "1909"]
[PlyCount "50"]
[EventDate "2014.10.25"]

1. e4 c5 2. Nf3 Nc6 3. d4 cxd4 4. Nxd4 Nf6 5. Nc3 e6 6. h3 Qb6 7. Nb3 d6 8. Be3
Qc7 9. Qd2 Be7 10. O-O-O O-O 11. f3 a6 12. g4 b5 13. h4 Ne5 14. Qf2 Bd7 15. h5
b4 16. Ne2 a5 17. g5 a4 18. Nbd4 Ne8 19. g6 b3 20. gxh7+ Kxh7 21. axb3 a3 22.
bxa3 Rxa3 23. Nf4 Qa5 24. Re1 Ra1+ 25. Kb2 Rxe1 0-1

[Event "MMaS_2014_U16"]
[Site "?"]
[Date "2014.10.25"]
[Round "2.6"]
[White "Husek, Martin"]
[Black "Nekarda, Jan"]
[Result "1-0"]
[WhiteElo "1883"]
[BlackElo "1575"]
[PlyCount "69"]
[EventDate "2014.10.25"]

1. e4 e5 2. Nf3 Nc6 3. Bb5 a6 4. Ba4 b5 5. Bb3 Nf6 6. O-O d6 7. c3 Na5 8. Bc2
c5 9. d4 cxd4 10. cxd4 exd4 11. Nxd4 Be7 12. Nc3 O-O 13. Qf3 Qc7 14. Bg5 h6 15.
Bxf6 Bxf6 16. Nd5 Qd8 17. Nxf6+ Qxf6 18. Qxf6 gxf6 19. Rfd1 Rd8 20. Ne2 Ra7 21.
b3 Re7 22. Nf4 Bb7 23. f3 Re5 24. Rd2 Bc6 25. Rad1 Nb7 26. b4 Rd7 27. g4 Rg5
28. Nh5 Rd8 29. Nxf6+ Kg7 30. f4 Rg6 31. Nh5+ Kf8 32. h3 Re6 33. Ng3 Rd7 34. e5
d5 35. Bf5 1-0

[Event "MMaS_2014_U16"]
[Site "?"]
[Date "2014.10.25"]
[Round "2.7"]
[White "Hartingerova, Martina"]
[Black "Kovarik, Matyas"]
[Result "1-0"]
[WhiteElo "1478"]
[BlackElo "1854"]
[PlyCount "67"]
[EventDate "2014.10.25"]

1. d4 d5 2. c4 e6 3. cxd5 exd5 4. Nc3 Nf6 5. Bg5 Be7 6. Nf3 O-O 7. e3 c6 8. Bd3
Bg4 9. O-O Nbd7 10. Rb1 a5 11. a3 Re8 12. b4 Ne4 13. Bxe7 Qxe7 14. Qc2 Bxf3 15.
gxf3 Ng5 16. Be2 Nf8 17. Qf5 Rad8 18. Rfc1 Rd6 19. Kf1 Rh6 20. f4 Nge6 21. h3
Ng6 22. Qg4 Nh4 23. f5 Ng5 24. b5 Ne4 25. Nxe4 dxe4 26. bxc6 bxc6 27. Rc5 Kf8
28. Rbc1 g6 29. Qf4 Rh5 30. Bxh5 gxh5 31. Qh6+ Kg8 32. f6 Qf8 33. Qxf8+ Kxf8
34. Rxh5 1-0

[Event "MMaS_2014_U16"]
[Site "?"]
[Date "2014.10.25"]
[Round "2.8"]
[White "Lojek, Marek"]
[Black "Ptacek, Jan"]
[Result "1-0"]
[WhiteElo "1806"]
[BlackElo "1542"]
[PlyCount "45"]
[EventDate "2014.10.25"]

1. e4 c5 2. Nf3 d6 3. d4 cxd4 4. Nxd4 Nf6 5. Nc3 g6 6. Be2 Bg7 7. Be3 O-O 8.
O-O Nc6 9. Nb3 a6 10. a4 Be6 11. f4 Rc8 12. Bf3 Na5 13. Nxa5 Qxa5 14. Bd4 Rfd8
15. Ne2 Qb4 16. c3 Qc4 17. Qd2 Bh6 18. h3 d5 19. e5 Nd7 20. Ng3 Nc5 21. Be2 Qb3
22. Ra3 Qb6 23. b4 1-0

[Event "MMaS_2014_U16"]
[Site "?"]
[Date "2014.10.26"]
[Round "3.1"]
[White "Lojek, Marek"]
[Black "Kuchar, Matej"]
[Result "1-0"]
[WhiteElo "1806"]
[BlackElo "1940"]
[PlyCount "77"]
[EventDate "2014.10.25"]

1. e4 c5 2. Nf3 d6 3. d4 cxd4 4. Nxd4 Nf6 5. Nc3 g6 6. Be2 Bg7 7. Be3 O-O 8.
O-O Nc6 9. Nb3 Be6 10. f4 Qc8 11. Kh1 Rd8 12. Bf3 Bc4 13. Rf2 e5 14. Rd2 Qe6
15. Nc1 Rac8 16. N1e2 b6 17. b3 Ba6 18. Qe1 Qe7 19. Rad1 Bb7 20. Nb5 Ne8 21. c4
Kh8 22. Nec3 f5 23. Nd5 Qe6 24. Qh4 Ba6 25. g4 fxe4 26. f5 gxf5 27. gxf5 Qf7
28. Bxe4 Nf6 29. Bg2 Bxb5 30. cxb5 Ne7 31. Nxe7 Qxe7 32. Bg5 Qf8 33. Bd5 Rc5
34. Be6 Rxb5 35. Rd3 Qe7 36. Rh3 d5 37. Qxh7+ Nxh7 38. Bxe7 Re8 39. f6 1-0

[Event "MMaS_2014_U16"]
[Site "?"]
[Date "2014.10.26"]
[Round "3.2"]
[White "Stepan, Patrik"]
[Black "Havelka, Ondrej"]
[Result "1-0"]
[WhiteElo "1932"]
[BlackElo "1766"]
[PlyCount "85"]
[EventDate "2014.10.25"]

1. d4 d5 2. c4 e6 3. Nf3 Nf6 4. Nc3 Be7 5. e3 O-O 6. Bd3 b6 7. e4 dxe4 8. Nxe4
Nbd7 9. O-O Bb7 10. Qc2 Bxe4 11. Bxe4 Nxe4 12. Qxe4 Nf6 13. Qc6 Qd7 14. Qxd7
Nxd7 15. Bf4 c5 16. Rad1 Bf6 17. Ne5 Rfd8 18. Nc6 Rdc8 19. d5 Kf8 20. b3 e5 21.
Bg3 g5 22. Rfe1 Re8 23. Re2 Bg7 24. h4 h6 25. hxg5 hxg5 26. Rde1 f6 27. f3 Nb8
28. Nxb8 Raxb8 29. Kf2 Kf7 30. Ke3 f5 31. Kd3 f4 32. Bf2 a5 33. Rg1 Rh8 34. Be1
Bf8 35. Rxe5 Be7 36. Bc3 Rh2 37. Rge1 Rb7 38. R1e2 Bd8 39. Rf5+ Kg6 40. Rf8 Rd7
41. Re6+ Kh5 42. Rh8+ Rh7 43. Rxh7# 1-0

[Event "MMaS_2014_U16"]
[Site "?"]
[Date "2014.10.26"]
[Round "3.3"]
[White "Zeman, Radek"]
[Black "Bierska, Adela"]
[Result "1-0"]
[WhiteElo "1909"]
[BlackElo "1633"]
[PlyCount "75"]
[EventDate "2014.10.25"]

1. d4 d5 2. Nf3 Nf6 3. e3 e6 4. Bd3 Be7 5. O-O O-O 6. Ne5 b6 7. Nd2 Bb7 8. f4
c5 9. b3 Nc6 10. Bb2 Rc8 11. a3 Re8 12. Rf3 Nxe5 13. fxe5 Ng4 14. Rxf7 Nh6 15.
Rf1 Rc7 16. Qe2 Qc8 17. c4 Rd8 18. Rac1 Kh8 19. cxd5 Bxd5 20. Be4 Nf5 21. Bxd5
exd5 22. Qd3 Nh4 23. Nf3 Nf5 24. dxc5 Bxc5 25. Nd4 Nh4 26. b4 Qg4 27. Rf2 Rf7
28. bxc5 Rxf2 29. Kxf2 Qxg2+ 30. Ke1 Qxb2 31. Rc2 Qb1+ 32. Qd1 Ng2+ 33. Rxg2
Qe4 34. Qd2 bxc5 35. Nc6 Rf8 36. Rf2 Qh1+ 37. Ke2 Qxh2 38. Ke1 1-0

[Event "MMaS_2014_U16"]
[Site "?"]
[Date "2014.10.26"]
[Round "3.4"]
[White "Hartingerova, Martina"]
[Black "Husek, Martin"]
[Result "1/2-1/2"]
[WhiteElo "1478"]
[BlackElo "1883"]
[PlyCount "131"]
[EventDate "2014.10.25"]

1. d4 Nf6 2. c4 c5 3. d5 b5 4. cxb5 a6 5. e3 axb5 6. Bxb5 Qa5+ 7. Nc3 Bb7 8.
Nge2 Nxd5 9. O-O Nxc3 10. Nxc3 e6 11. Qd3 Be7 12. Rd1 O-O 13. e4 d5 14. exd5
exd5 15. Qe2 Qd8 16. Bf4 d4 17. Rac1 Bd6 18. Bxd6 Qxd6 19. Na4 Na6 20. Qh5 Nc7
21. Bd3 g6 22. Qxc5 Qxc5 23. Nxc5 Bc8 24. a3 Ne6 25. Nb3 Rb8 26. Bc4 Ba6 27.
Bxe6 fxe6 28. Nxd4 Rxb2 29. Nxe6 Rf6 30. Rd8+ Kf7 31. Rf8+ Kxe6 32. Re1+ Be2
33. Re8+ Kf7 34. R8xe2 Rb3 35. Re3 Rb2 36. f3 Ra6 37. Ra1 Rc6 38. Re4 h5 39.
Rae1 Rcc2 40. Re7+ Kf6 41. R1e6+ Kf5 42. g4+ hxg4 43. fxg4+ Kg5 44. h3 Rg2+ 45.
Kf1 Rbf2+ 46. Ke1 Ra2 47. Kf1 Rh2 48. Re5+ Kh4 49. Kg1 Rhg2+ 50. Kf1 Kg3 51.
Re3+ Kh2 52. Re2 Ra1+ 53. Re1 Rxa3 54. R7e3 Ra7 55. Re7 Raa2 56. R1e2 Ra1+ 57.
Re1 Rg1+ 58. Kf2 Raxe1 59. Rxe1 Rxe1 60. Kxe1 Kxh3 61. g5 Kg2 62. Ke2 Kg3 63.
Ke3 Kg4 64. Kf2 Kf5 65. Kf3 Kxg5 66. Kg3 1/2-1/2

[Event "MMaS_2014_U16"]
[Site "?"]
[Date "2014.10.26"]
[Round "3.5"]
[White "Sedlak, Jiri"]
[Black "Bareš, Jachym"]
[Result "1/2-1/2"]
[WhiteElo "1703"]
[BlackElo "1998"]
[PlyCount "63"]
[EventDate "2014.10.25"]

1. e4 e5 2. Nf3 Nc6 3. Bc4 Nf6 4. Ng5 d5 5. exd5 b5 6. Be2 Nd4 7. d3 Qxd5 8.
O-O Bb7 9. Bf3 Nxf3+ 10. Nxf3 Bd6 11. Nc3 Qc6 12. Re1 O-O 13. Bg5 Nd5 14. Ne4
f5 15. Nxd6 cxd6 16. Bd2 Rae8 17. c4 bxc4 18. Rc1 Nf6 19. Rxc4 Qd5 20. Qc2 Ba6
21. Rc3 e4 22. dxe4 Nxe4 23. Rce3 Rc8 24. Bc3 Qxa2 25. Nd4 Nxc3 26. Rxc3 Rxc3
27. Qxc3 Qc4 28. Qxc4+ Bxc4 29. Re7 a6 30. f4 g6 31. b3 Bd5 32. Rd7 1/2-1/2

[Event "MMaS_2014_U16"]
[Site "?"]
[Date "2014.10.26"]
[Round "3.6"]
[White "Sikora, Matouš"]
[Black "Rakušan, Miroslav"]
[Result "1-0"]
[WhiteElo "1665"]
[BlackElo "1772"]
[PlyCount "67"]
[EventDate "2014.10.25"]

1. e4 Nf6 2. e5 Nd5 3. Nf3 d6 4. Bc4 Nb6 5. Bxf7+ Kxf7 6. Ng5+ Kg8 7. e6 Qe8 8.
Qf3 g6 9. Nf7 Bxe6 10. Nxh8 Kxh8 11. O-O Bd5 12. Qe3 Bg7 13. Nc3 Nc6 14. Nxd5
Nxd5 15. Qb3 Nb6 16. c3 e5 17. d3 Qe7 18. Bd2 a5 19. Rae1 a4 20. Qc2 Qd7 21. f4
Rf8 22. fxe5 Rxf1+ 23. Rxf1 Nxe5 24. Bg5 Qg4 25. Bc1 Kg8 26. Rf4 Qe6 27. d4 Ng4
28. Re4 Qd7 29. Qe2 Nf6 30. Re7 Qd8 31. Qe6+ Kh8 32. Bh6 Bxh6 33. Qxf6+ Kg8 34.
Qf7+ 1-0

[Event "MMaS_2014_U16"]
[Site "?"]
[Date "2014.10.26"]
[Round "3.7"]
[White "Skalsky, Alexandr"]
[Black "Kopcova, Ludmila"]
[Result "0-1"]
[WhiteElo "1767"]
[BlackElo "1674"]
[PlyCount "92"]
[EventDate "2014.10.25"]

1. e4 d6 2. d4 Nf6 3. Nc3 Nbd7 4. f4 e5 5. Nf3 Qe7 6. Bd3 g6 7. O-O Bg7 8. Nb5
Nb6 9. fxe5 dxe5 10. Bg5 h6 11. Bh4 g5 12. Bg3 a6 13. dxe5 Nh5 14. Nbd4 Nxg3
15. hxg3 Bg4 16. Qd2 O-O-O 17. Qa5 Bxf3 18. Nxf3 h5 19. e6 f6 20. Rad1 Kb8 21.
c4 h4 22. c5 Nc8 23. c6 b6 24. Qc3 hxg3 25. Bxa6 g4 26. Nd4 Rxd4 27. Rxd4 f5
28. Rfd1 Qh4 29. Kf1 Qh1+ 30. Ke2 Qxg2+ 31. Kd3 Qf3+ 32. Kc4 Bxd4 33. Qxd4 Nd6+
34. Kd5 Qxe4+ 35. Qxe4 Nxe4 36. Rg1 Re8 37. Ke5 Nc5 38. Bc4 f4 39. b4 Nxe6 40.
Bxe6 f3 41. Rxg3 f2 42. Rxg4 f1=Q 43. Re4 Qb5+ 44. Kf4 Qxc6 45. Kf5 Qxe4+ 46.
Kxe4 Rxe6+ 0-1

[Event "MMaS_2014_U16"]
[Site "?"]
[Date "2014.10.26"]
[Round "3.10"]
[White "Polisensky, Jan"]
[Black "Danek, Daniel"]
[Result "0-1"]
[WhiteElo "1561"]
[BlackElo "1921"]
[PlyCount "40"]
[EventDate "2014.10.25"]

1. e4 c5 2. Nf3 Nc6 3. d4 cxd4 4. Nxd4 Nf6 5. Nc3 d6 6. f3 e5 7. Ndb5 a6 8. Na3
b5 9. Nd5 Be6 10. Nxf6+ Qxf6 11. c4 Nd4 12. cxb5 d5 13. exd5 Bxd5 14. Be2 Bc5
15. Qd3 O-O 16. bxa6 e4 17. fxe4 Bxe4 18. Qc3 Bxa3 19. Rf1 Qb6 20. Be3 Bb4 0-1

[Event "MMaS_2014_U16"]
[Site "?"]
[Date "2014.10.26"]
[Round "3.11"]
[White "Kovarik, Matyas"]
[Black "Halamicek, Radek"]
[Result "1-0"]
[WhiteElo "1854"]
[BlackElo "1562"]
[PlyCount "65"]
[EventDate "2014.10.25"]

1. e4 c5 2. Nf3 e6 3. d4 cxd4 4. Nxd4 Nf6 5. Bd3 Nc6 6. Nxc6 bxc6 7. O-O d5 8.
Nd2 Bc5 9. Qe2 Qc7 10. e5 Nd7 11. Nf3 Bb6 12. Re1 Nc5 13. c3 Nxd3 14. Qxd3 a5
15. Nd4 Ba6 16. Qg3 g6 17. Qh4 Bxd4 18. cxd4 Qe7 19. Bg5 Qb4 20. Bf6 Rf8 21.
Bg7 Rg8 22. Qxh7 Kd7 23. Bh6 Qe7 24. Bf4 Rh8 25. Qg7 Rag8 26. Qf6 Qxf6 27. exf6
Rh4 28. Be5 Rh5 29. Rac1 a4 30. Re3 Rb8 31. Bxb8 Bb5 32. Rh3 Rxh3 33. gxh3 1-0

[Event "MMaS_2014_U16"]
[Site "?"]
[Date "2014.10.26"]
[Round "3.12"]
[White "Prochazka, Ludvik"]
[Black "Matonoha, Petr"]
[Result "1-0"]
[WhiteElo "1798"]
[BlackElo "1559"]
[PlyCount "59"]
[EventDate "2014.10.25"]

1. e4 b6 2. d4 Bb7 3. Nc3 e6 4. Bd3 Nf6 5. Nge2 Bb4 6. a3 Bxc3+ 7. Nxc3 Nc6 8.
Be3 d6 9. O-O Qd7 10. Qd2 Ng4 11. h3 Nxe3 12. fxe3 O-O-O 13. Rf3 f6 14. b4 Qe7
15. Ne2 g5 16. Raf1 Rdf8 17. Ng3 h5 18. Qf2 Rh6 19. Be2 Nd8 20. d5 h4 21. Nh5
Rxh5 22. Rxf6 Rxf6 23. Qxf6 Qxf6 24. Rxf6 Rh7 25. Bg4 Kb8 26. Rf8 Kc8 27. Bxe6+
Rd7 28. b5 a6 29. a4 axb5 30. axb5 1-0

[Event "MMaS_2014_U16"]
[Site "?"]
[Date "2014.10.26"]
[Round "4.1"]
[White "Zeman, Radek"]
[Black "Stepan, Patrik"]
[Result "1-0"]
[WhiteElo "1909"]
[BlackElo "1932"]
[PlyCount "71"]
[EventDate "2014.10.25"]

1. e4 c5 2. Nf3 e6 3. d3 d5 4. Nbd2 Nc6 5. g3 Bd6 6. Bg2 Nge7 7. O-O O-O 8. Nh4
Qc7 9. f4 f6 10. Re1 Rb8 11. Nf1 d4 12. Nf3 b5 13. h4 Bd7 14. N1h2 Be8 15. Bh3
Bf7 16. h5 e5 17. f5 Bxh5 18. g4 Bf7 19. g5 fxg5 20. Nxg5 c4 21. Ng4 cxd3 22.
f6 Ng6 23. fxg7 Kxg7 24. Nh6 Nd8 25. Qh5 Bg8 26. Nxg8 Kxg8 27. Bf5 Rf6 28. cxd3
Qg7 29. Kh1 Nf8 30. Nxh7 Rxf5 31. exf5 Qxh7 32. Rg1+ Kh8 33. Bh6 Rb7 34. Rg2 e4
35. Rag1 Bf4 36. Rg8+ 1-0

[Event "MMaS_2014_U16"]
[Site "?"]
[Date "2014.10.26"]
[Round "4.2"]
[White "Husek, Martin"]
[Black "Lojek, Marek"]
[Result "0-1"]
[WhiteElo "1883"]
[BlackElo "1806"]
[PlyCount "82"]
[EventDate "2014.10.25"]

1. e4 e5 2. Nf3 Nc6 3. Bb5 a6 4. Ba4 Nf6 5. O-O Be7 6. Re1 b5 7. Bb3 d6 8. c3
Na5 9. Bc2 c5 10. h3 O-O 11. d4 Qc7 12. Nbd2 cxd4 13. cxd4 Nc6 14. Nb3 a5 15.
Be3 a4 16. Nbd2 Nb4 17. Bb1 Bd7 18. a3 Nc6 19. b4 Rac8 20. Bd3 Qb8 21. Qe2 Nd8
22. d5 Ne8 23. Rac1 Nc7 24. g4 h5 25. gxh5 f5 26. Bg5 Bxg5 27. Nxg5 Nf7 28.
Nxf7 Rxf7 29. h6 g6 30. Kh2 Rcf8 31. Rg1 fxe4 32. Qh5 exd3 33. Rxg6+ Kh8 34.
Rg7 Rxf2+ 35. Kh1 Bf5 36. Rcxc7 Qxc7 37. Rxc7 Rxd2 38. Rf7 Rc8 39. Rc7 Rxc7 40.
Qe8+ Kh7 41. Qf8 Rc1# 0-1

[Event "MMaS_2014_U16"]
[Site "?"]
[Date "2014.10.26"]
[Round "4.3"]
[White "Mrkus, Frantisek"]
[Black "Sikora, Matous"]
[Result "0-1"]
[WhiteElo "1757"]
[BlackElo "1665"]
[PlyCount "30"]
[EventDate "2014.10.25"]

1. e4 e6 2. d4 d5 3. Nc3 Nf6 4. Bg5 Be7 5. e5 Nfd7 6. h4 a6 7. Qg4 Kf8 8. Rh3
c5 9. Rf3 Nc6 10. Qf4 Qe8 11. Nge2 Bxg5 12. hxg5 cxd4 13. Nxd4 Ndxe5 14. Re3
Ng6 15. Qg4 e5 0-1

[Event "MMaS_2014_U16"]
[Site "?"]
[Date "2014.10.26"]
[Round "4.4"]
[White "Kopcova, Ludmila"]
[Black "Hartingerova, Martina"]
[Result "1/2-1/2"]
[WhiteElo "1674"]
[BlackElo "1478"]
[PlyCount "41"]
[EventDate "2014.10.25"]

1. e4 d5 2. exd5 Qxd5 3. Nc3 Qa5 4. Bc4 c6 5. d3 Nf6 6. Bd2 Qc7 7. Qe2 Nbd7 8.
O-O-O Nb6 9. Bb3 Bf5 10. h3 h5 11. Qf3 e6 12. Nge2 O-O-O 13. Ng3 Bg6 14. Rde1
Nfd5 15. Bxd5 Nxd5 16. Nge4 h4 17. g4 hxg3 18. fxg3 f6 19. g4 Be7 20. h4 Bf7
21. h5 1/2-1/2

[Event "MMaS_2014_U16"]
[Site "?"]
[Date "2014.10.26"]
[Round "4.5"]
[White "Bares, Jachym"]
[Black "Kubosova, Jana"]
[Result "1/2-1/2"]
[WhiteElo "1998"]
[BlackElo "1640"]
[PlyCount "53"]
[EventDate "2014.10.25"]

1. e4 c5 2. Nf3 e6 3. d4 cxd4 4. Nxd4 Nf6 5. Nc3 Nc6 6. Nxc6 bxc6 7. e5 Nd5 8.
Ne4 Qa5+ 9. Bd2 Qb6 10. c4 Qxb2 11. f4 Qd4 12. Qb1 Nb6 13. Bc3 Qe3+ 14. Kd1 Na4
15. Bd2 Qd4 16. Bd3 Rb8 17. Qxb8 Nb2+ 18. Ke2 Qxd3+ 19. Kf2 Bc5+ 20. Nxc5 Qxd2+
21. Kf3 Qc3+ 22. Kg4 O-O 23. Rac1 Qd2 24. Kf3 Nd3 25. Nxd3 Qxd3+ 26. Kf2 Qd2+
27. Kf3 1/2-1/2

[Event "MMaS_2014_U16"]
[Site "?"]
[Date "2014.10.26"]
[Round "4.6"]
[White "Kuchar, Matej"]
[Black "Bierska, Adela"]
[Result "1-0"]
[WhiteElo "1940"]
[BlackElo "1633"]
[PlyCount "75"]
[EventDate "2014.10.25"]

1. e4 e5 2. Nf3 Nc6 3. d4 exd4 4. Nxd4 Nf6 5. Nc3 Bb4 6. Nxc6 bxc6 7. Bd3 d5 8.
exd5 cxd5 9. O-O O-O 10. Bg5 c6 11. Qf3 Be7 12. h3 Be6 13. Rfe1 Rb8 14. Na4 Qc8
15. b3 c5 16. Bf4 Ra8 17. Nb2 Re8 18. c4 Bf8 19. Be5 Qd8 20. Rad1 d4 21. Bb1
Nd7 22. Bg3 Rc8 23. Nd3 a5 24. Nf4 Nb6 25. Nxe6 fxe6 26. Re5 Bd6 27. Rh5 g6 28.
Rh4 Bxg3 29. Qxg3 Qf6 30. Rg4 Kg7 31. h4 Rg8 32. h5 Kh6 33. hxg6 Rxg6 34. Bxg6
hxg6 35. Rd3 Qf5 36. Rf3 Qb1+ 37. Kh2 Kg7 38. Qe5+ 1-0

[Event "MMaS_2014_U16"]
[Site "?"]
[Date "2014.10.26"]
[Round "4.8"]
[White "Sigut, David"]
[Black "Kovarik, Matyas"]
[Result "1-0"]
[WhiteElo "1540"]
[BlackElo "1854"]
[PlyCount "59"]
[EventDate "2014.10.25"]

1. Nf3 d5 2. c4 e6 3. g3 Nf6 4. Bg2 Be7 5. O-O O-O 6. b3 Nbd7 7. Bb2 b6 8. Nc3
Bb7 9. d4 c5 10. e3 Rc8 11. Qe2 dxc4 12. bxc4 cxd4 13. exd4 Qc7 14. Nd2 Bxg2
15. Kxg2 Rfd8 16. Rfe1 Bb4 17. Rac1 Nf8 18. a3 Bxc3 19. Bxc3 Ng6 20. Bb2 Nd7
21. Nf3 Nb8 22. Kg1 Nc6 23. Qe4 Na5 24. d5 exd5 25. cxd5 Qd7 26. Qd4 f6 27.
Rxc8 Rxc8 28. d6 Rd8 29. h4 Qxd6 30. Re8+ 1-0

[Event "MMaS_2014_U16"]
[Site "?"]
[Date "2014.10.26"]
[Round "4.10"]
[White "Havelka, Ondrej"]
[Black "Nekarda, Jan"]
[Result "1-0"]
[WhiteElo "1766"]
[BlackElo "1575"]
[PlyCount "105"]
[EventDate "2014.10.25"]

1. d4 d5 2. c4 e6 3. Nc3 Nf6 4. Bg5 Nbd7 5. e3 Be7 6. Rc1 c6 7. Nf3 O-O 8. Be2
b6 9. O-O Bb7 10. Qc2 Rc8 11. Rfd1 c5 12. cxd5 exd5 13. Qf5 g6 14. Qb1 Re8 15.
a3 c4 16. Ne5 Qc7 17. Nb5 Qb8 18. Nxd7 Nxd7 19. Bf4 Qa8 20. Nc7 Rxc7 21. Bxc7
Qc8 22. Bf4 Nf6 23. Qc2 Qd7 24. Bf3 a6 25. Re1 b5 26. Be5 a5 27. h3 Ra8 28. Ra1
Bc6 29. b3 Qb7 30. Rec1 a4 31. bxc4 bxc4 32. Rcb1 Qa7 33. Qc3 Nd7 34. Bf4 Nb6
35. Rb2 Nc8 36. Rab1 Nd6 37. Rb6 Rc8 38. Bxd6 Bxd6 39. Bxd5 Bxd5 40. Rxd6 Qa8
41. f3 f5 42. Kf2 Kf8 43. Qb4 Kg8 44. Qb5 Bf7 45. d5 c3 46. Rc1 Rb8 47. Qc5 Rc8
48. Rc6 Rxc6 49. dxc6 Qa6 50. c7 Be6 51. Rxc3 Qc8 52. Rd3 Bd7 53. Rxd7 1-0

[Event "MMaS_2014_U16"]
[Site "?"]
[Date "2014.10.26"]
[Round "4.12"]
[White "Fialka, Adam"]
[Black "Zajicek, Tomas"]
[Result "1/2-1/2"]
[WhiteElo "1551"]
[BlackElo "1942"]
[PlyCount "78"]
[EventDate "2014.10.25"]

1. e4 c5 2. Nf3 Nc6 3. d4 cxd4 4. Nxd4 g6 5. Nc3 Bg7 6. Be3 Nf6 7. Be2 O-O 8.
f3 d5 9. exd5 Nxd5 10. Nxc6 bxc6 11. Nxd5 cxd5 12. c3 e6 13. O-O Qd6 14. Rc1
Ba6 15. b4 Bxe2 16. Qxe2 Qe5 17. Qd3 Rfc8 18. Bd4 Qf4 19. Bxg7 Kxg7 20. Qd4+
Qf6 21. a4 Rc4 22. Qe3 a5 23. b5 Rxa4 24. b6 Qe7 25. Rb1 Qb7 26. Rfc1 Rc4 27.
Rb5 Kg8 28. Qe5 Rac8 29. Ra1 a4 30. Qd6 R4c6 31. Qb4 Rc4 32. Qd6 h5 33. f4 R4c6
34. Qb4 Ra8 35. f5 exf5 36. Qd4 Ra6 37. Rxd5 Rc8 38. Rd6 a3 39. c4 Ra4 1/2-1/2

[Event "MMaS_2014_U14"]
[Site "?"]
[Date "2014.10.26"]
[Round "3.1"]
[White "Chlebek, Jan"]
[Black "Vraj, Ondrej"]
[Result "0-1"]
[WhiteElo "1643"]
[BlackElo "1843"]
[PlyCount "99"]
[EventDate "2014.??.??"]

1. e4 d5 2. exd5 Qxd5 3. Nc3 Qa5 4. d4 c6 5. Bc4 Nf6 6. Bd2 Qc7 7. Qe2 Bf5 8.
Nf3 e6 9. d5 cxd5 10. Bxd5 Nc6 11. Nb5 Qd7 12. Bxc6 bxc6 13. Ne5 Qb7 14. Nxc6
Qxc6 15. Nd4 Qe4 16. Be3 Be7 17. Qb5+ Nd7 18. O-O Rb8 19. Qa4 Rb4 20. Qxa7 Qb7
21. Nxf5 exf5 22. Qxb7 Rxb7 23. b3 O-O 24. a4 Rc8 25. Ra2 Rbc7 26. Rc1 Nf6 27.
Kf1 Nd5 28. Bd2 Bb4 29. c3 Bxc3 30. Bxc3 h6 31. a5 Nxc3 32. Rac2 Nb5 33. Rxc7
Rxc7 34. Rxc7 Nxc7 35. Ke2 Kf8 36. Kd3 Ke7 37. Kc4 Kd6 38. b4 Kc6 39. h4 h5 40.
f4 f6 41. g3 g6 42. a6 Nb5 43. Kb3 Kb6 44. Kc4 Kxa6 45. Kd5 Nc3+ 46. Ke6 Ne4
47. Kf7 Nxg3 48. Kxg6 Kb5 49. Kxf6 Kxb4 50. Ke5 0-1